[Event "Gibraltar ChallWk2 13th"]
[Site "Gibraltar"]
[Date "2015.02.03"]
[Round "4.24"]
[White "Erdelyi, Tamas"]
[Black "Gorodnichev, Alexey"]
[Result "1/2-1/2"]
[WhiteElo "2128"]
[BlackElo "1951"]
[PlyCount "40"]
[EventDate "2015.01.31"]
[EventType "swiss"]
[EventRounds "5"]
[EventCountry "GGB"]
[SourceTitle "BritBase"]
[Source "www.saund.co.uk"]
[SourceDate "2018.02.10"]
[SourceVersion "1"]
[SourceVersionDate "2018.02.10"]
[SourceQuality "1"]

1. c4 Nf6 2. Nf3 e6 3. g3 d5 4. Bg2 c6 5. b3 g6 6. Bb2 Bg7 7. O-O O-O 8. Qc2
Nbd7 9. d3 b6 10. e4 dxe4 11. dxe4 Qe7 12. h3 e5 13. Nbd2 a5 14. a3 Bb7 15. b4
c5 16. b5 Rfe8 17. Rfe1 Nf8 18. Nb1 N6d7 19. Nc3 Ne6 20. Nd5 Qd6 1/2-1/2

[Event "Gibraltar ChallWk2 13th"]
[Site "Gibraltar"]
[Date "2015.02.03"]
[Round "4.25"]
[White "Grabow, Pouelsten Holm"]
[Black "Mulleady, Peter J"]
[Result "1-0"]
[WhiteElo "2134"]
[BlackElo "1908"]
[PlyCount "85"]
[EventDate "2015.01.31"]
[EventType "swiss"]
[EventRounds "5"]
[EventCountry "GGB"]
[SourceTitle "BritBase"]
[Source "www.saund.co.uk"]
[SourceDate "2018.02.10"]
[SourceVersion "1"]
[SourceVersionDate "2018.02.10"]
[SourceQuality "1"]

1. Nf3 g6 2. d4 Bg7 3. g3 c5 4. Bg2 cxd4 5. Nxd4 Nc6 6. c3 Nf6 7. O-O O-O 8.
Bf4 Qb6 9. Nb3 d6 10. Na3 Bg4 11. h3 Be6 12. Be3 Qa6 13. Qd2 Rac8 14. Rfe1 b6
15. Nd4 Nxd4 16. Bxd4 Nd7 17. Nc2 Qa5 18. Bxg7 Kxg7 19. Nd4 Qa6 20. Nxe6+ fxe6
21. h4 Rf6 22. f4 Qc4 23. Kh2 Rcf8 24. b3 Qc7 25. e3 h6 26. Rf1 e5 27. c4 exf4
28. exf4 e5 29. Rae1 Qd8 30. fxe5 Rxf1 31. Bxf1 Nxe5 32. Bg2 Qe7 33. Kh1 Rf6
34. Qd5 Qf8 35. b4 g5 36. c5 gxh4 37. cxd6 Ng4 38. Re7+ Kh8 39. Qd4 hxg3 40. d7
Qxe7 41. d8=Q+ Qxd8 42. Qxd8+ Kg7 43. Qd7+ 1-0

[Event "Gibraltar ChallWk2 13th"]
[Site "Gibraltar"]
[Date "2015.02.03"]
[Round "4.26"]
[White "Ruiz Manrique, Joaquin"]
[Black "Recklingloh, Frank"]
[Result "1-0"]
[WhiteElo "1945"]
[BlackElo "2133"]
[PlyCount "83"]
[EventDate "2015.01.31"]
[EventType "swiss"]
[EventRounds "5"]
[EventCountry "GGB"]
[SourceTitle "BritBase"]
[Source "www.saund.co.uk"]
[SourceDate "2018.02.10"]
[SourceVersion "1"]
[SourceVersionDate "2018.02.10"]
[SourceQuality "1"]

1. e4 c5 2. Nc3 d6 3. Bb5+ Nc6 4. Bxc6+ bxc6 5. f4 h5 6. d3 Bg4 7. Nf3 d5 8.
O-O e6 9. h3 Bxf3 10. Qxf3 f5 11. Re1 Kf7 12. exf5 exf5 13. b3 g6 14. Bb2 Bg7
15. Na4 Bxb2 16. Nxb2 Nf6 17. Qe3 Qd6 18. Na4 Nd7 19. Qf2 Rhe8 20. Kf1 d4 21.
Rxe8 Rxe8 22. Re1 Rxe1+ 23. Kxe1 Nf6 24. Nb2 Nd5 25. Nc4 Qxf4 26. Qxf4 Nxf4 27.
g3 Nd5 28. Ne5+ Kf6 29. Nxc6 Ne3 30. Kd2 Nf1+ 31. Ke1 Nxg3 32. Nxa7 g5 33. a4
Ke6 34. Nc6 Kd6 35. Nd8 g4 36. Kf2 f4 37. hxg4 h4 38. Nf7+ Kc6 39. Kg2 Ne2 40.
Ne5+ Kd6 41. Nf3 Ke6 42. Nxh4 1-0

[Event "Gibraltar ChallWk2 13th"]
[Site "Gibraltar"]
[Date "2015.02.03"]
[Round "4.27"]
[White "Curado, Manuel Joao Ferro"]
[Black "Ungureanu, Sandu"]
[Result "0-1"]
[WhiteElo "1860"]
[BlackElo "2040"]
[PlyCount "53"]
[EventDate "2015.01.31"]
[EventType "swiss"]
[EventRounds "5"]
[EventCountry "GGB"]
[SourceTitle "BritBase"]
[Source "www.saund.co.uk"]
[SourceDate "2018.02.10"]
[SourceVersion "1"]
[SourceVersionDate "2018.02.10"]
[SourceQuality "1"]

1. b4 c6 2. Bb2 Qb6 3. a3 a5 4. c4 axb4 5. c5 Qc7 6. axb4 Rxa1 7. Bxa1 Nf6 8.
Nf3 Na6 9. Qb3 b6 10. Ne5 e6 11. d4 Nd5 12. Nd3 bxc5 13. dxc5 Qb8 14. g3 Ndxb4
15. Bg2 Nxd3+ 16. Qxd3 Nxc5 17. Qc2 Qb3 18. Qxb3 Nxb3 19. Bc3 f6 20. O-O Be7
21. Be4 O-O 22. Bc2 Nc5 23. e4 d5 24. Nd2 e5 25. Rb1 Kf7 26. Rb6 Bd7 27. Nb3
0-1

[Event "Gibraltar ChallWk2 13th"]
[Site "Gibraltar"]
[Date "2015.02.03"]
[Round "4.28"]
[White "Machlik, Monika"]
[Black "Lawson, Dominic Ralph"]
[Result "0-1"]
[WhiteElo "2015"]
[BlackElo "1951"]
[PlyCount "50"]
[EventDate "2015.01.31"]
[EventType "swiss"]
[EventRounds "5"]
[EventCountry "GGB"]
[SourceTitle "BritBase"]
[Source "www.saund.co.uk"]
[SourceDate "2018.02.10"]
[SourceVersion "1"]
[SourceVersionDate "2018.02.10"]
[SourceQuality "1"]

1. d4 Nf6 2. c4 Nc6 3. Nc3 e5 4. d5 Ne7 5. h4 h5 6. e4 Ng6 7. a3 Bc5 8. Bg5 a5
9. g3 d6 10. Bg2 Nf8 11. Nf3 N8h7 12. Bd2 Ng4 13. O-O O-O 14. Ne1 f5 15. Nd3
Ba7 16. exf5 Bxf5 17. Ne4 Qe8 18. Qe2 Qg6 19. Rae1 Nhf6 20. Bg5 Nxe4 21. Bxe4
Bxe4 22. Qxe4 Qxe4 23. Rxe4 Rf3 24. Rd1 Rxd3 25. Rxd3 Nxf2 0-1

[Event "Gibraltar ChallWk2 13th"]
[Site "Gibraltar"]
[Date "2015.02.03"]
[Round "4.29"]
[White "Nwoye, Nnamdi"]
[Black "Baliuniene, Margarita"]
[Result "1-0"]
[WhiteElo "2015"]
[BlackElo "1946"]
[PlyCount "57"]
[EventDate "2015.01.31"]
[EventType "swiss"]
[EventRounds "5"]
[EventCountry "GGB"]
[SourceTitle "BritBase"]
[Source "www.saund.co.uk"]
[SourceDate "2018.02.10"]
[SourceVersion "1"]
[SourceVersionDate "2018.02.10"]
[SourceQuality "1"]

1. Nf3 d5 2. c4 e6 3. b3 Nf6 4. g3 Be7 5. Bg2 O-O 6. Bb2 b6 7. O-O Bb7 8. e3
dxc4 9. bxc4 c5 10. Qe2 Nc6 11. Nc3 Rc8 12. Rfd1 Qc7 13. Rac1 Rfd8 14. d4 cxd4
15. exd4 Na5 16. Nb5 Qb8 17. d5 a6 18. Be5 Qa8 19. Nc7 Qa7 20. Nd4 exd5 21. Nf5
Bf8 22. Nh6+ Kh8 23. Nxf7+ Kg8 24. Nxd8 Rxd8 25. Bxf6 gxf6 26. Qe6+ Kg7 27. Rd4
h5 28. Rf4 Rd6 29. Ne8+ 1-0

[Event "Gibraltar ChallWk2 13th"]
[Site "Gibraltar"]
[Date "2015.02.03"]
[Round "4.30"]
[White "Hamer, Martyn"]
[Black "Morais, Vitor"]
[Result "1/2-1/2"]
[WhiteElo "2014"]
[BlackElo "1934"]
[PlyCount "53"]
[EventDate "2015.01.31"]
[EventType "swiss"]
[EventRounds "5"]
[EventCountry "GGB"]
[SourceTitle "BritBase"]
[Source "www.saund.co.uk"]
[SourceDate "2018.02.10"]
[SourceVersion "1"]
[SourceVersionDate "2018.02.10"]
[SourceQuality "1"]

1. e4 c5 2. c3 e6 3. d4 d5 4. e5 Nc6 5. Nf3 Qb6 6. a3 c4 7. Be2 Bd7 8. O-O Nge7
9. Nbd2 Na5 10. Ng5 h6 11. Nh3 Nf5 12. Nf4 Be7 13. Bg4 g6 14. Re1 O-O-O 15. Qc2
Kb8 16. Bd1 Rc8 17. a4 h5 18. Ne2 h4 19. b3 cxb3 20. Nxb3 Nxb3 21. Qxb3 Qxb3
22. Bxb3 Rc7 23. Bd2 Rhc8 24. Reb1 Ka8 25. Nc1 a6 26. Bd1 Rc4 27. Bb3 1/2-1/2

[Event "Gibraltar ChallWk2 13th"]
[Site "Gibraltar"]
[Date "2015.02.03"]
[Round "4.31"]
[White "Ramirez Dominguez, Agustin"]
[Black "Christophe-Hayot, Romain"]
[Result "1-0"]
[WhiteElo "2013"]
[BlackElo "1793"]
[PlyCount "97"]
[EventDate "2015.01.31"]
[EventType "swiss"]
[EventRounds "5"]
[EventCountry "GGB"]
[SourceTitle "BritBase"]
[Source "www.saund.co.uk"]
[SourceDate "2018.02.10"]
[SourceVersion "1"]
[SourceVersionDate "2018.02.10"]
[SourceQuality "1"]

1. e4 d5 2. exd5 Qxd5 3. Nf3 Bg4 4. Be2 Nc6 5. Nc3 Qd6 6. h3 Bh5 7. O-O Nf6 8.
d3 e5 9. Nb5 Qd7 10. Re1 Be7 11. Na3 Bg6 12. Nc4 e4 13. Nfe5 Nxe5 14. Nxe5 Qd4
15. Nc4 exd3 16. Bxd3 Bxd3 17. Qxd3 Qxd3 18. cxd3 Nd5 19. Re5 O-O-O 20. Ne3
Nxe3 21. Rxe7 Nc2 22. Rb1 Rd7 23. Rxd7 Kxd7 24. Bf4 c6 25. Be5 f6 26. Bc3 c5
27. Rc1 Nb4 28. Bxb4 cxb4 29. Rc5 Rc8 30. Rb5 b6 31. Rxb4 Rc1+ 32. Kh2 Kc6 33.
Kg3 Kd6 34. Kf3 Kc5 35. a3 Kd5 36. Ke3 f5 37. g3 g5 38. Rb5+ Ke6 39. a4 f4+ 40.
gxf4 gxf4+ 41. Kf3 Rd1 42. Rb3 Ke5 43. Rb5+ Kf6 44. a5 bxa5 45. Kxf4 Rxd3 46.
Rxa5 Rxh3 47. Rxa7 Ke6 48. Rb7 h5 49. Kg5 1-0

[Event "Gibraltar ChallWk2 13th"]
[Site "Gibraltar"]
[Date "2015.02.03"]
[Round "4.32"]
[White "Campbell, Ian"]
[Black "Bryant, Richard B E"]
[Result "1/2-1/2"]
[WhiteElo "2012"]
[BlackElo "1904"]
[PlyCount "126"]
[EventDate "2015.01.31"]
[EventType "swiss"]
[EventRounds "5"]
[EventCountry "GGB"]
[SourceTitle "BritBase"]
[Source "www.saund.co.uk"]
[SourceDate "2018.02.10"]
[SourceVersion "1"]
[SourceVersionDate "2018.02.10"]
[SourceQuality "1"]

1. d4 d5 2. Nf3 Nf6 3. e3 Bf5 4. c4 c6 5. Nc3 e6 6. Bd3 Bxd3 7. Qxd3 Nbd7 8.
O-O Bd6 9. e4 dxe4 10. Nxe4 Nxe4 11. Qxe4 Nf6 12. Qe2 h6 13. b3 Qe7 14. a4 O-O
15. Bb2 Rad8 16. Rad1 c5 17. h3 cxd4 18. Bxd4 Nd7 19. Bxa7 Nc5 20. Bxc5 Bxc5
21. Ne5 Qc7 22. Nf3 Qb6 23. Qc2 Rfe8 24. Rfe1 Bb4 25. Rxd8 Rxd8 26. Rd1 Rxd1+
27. Qxd1 Bc5 28. Qc2 Qb4 29. g3 Bb6 30. Kg2 Qc5 31. Ne1 Qc6+ 32. Kg1 Qd6 33.
Qd3 Qe5 34. Nc2 Bc5 35. Kg2 Qb2 36. h4 b6 37. Ne3 Kh8 38. Qc2 Qd4 39. Nd1 Bb4
40. Nb2 e5 41. Nd3 Bd6 42. Nc1 Bc5 43. Na2 Qd6 44. Nc3 Qc6+ 45. Nd5 Qe6 46. b4
Bd4 47. Qd3 Qc6 48. Qc2 Qd7 49. a5 bxa5 50. bxa5 Qb7 51. Qa4 Kh7 52. Qb5 Qc8
53. Ne3 Qa8+ 54. Qd5 Qa7 55. h5 Bxe3 56. Qe4+ Kg8 57. fxe3 Qxa5 58. Kf3 Qa1 59.
Qd5 Qf1+ 60. Ke4 Qg2+ 61. Kxe5 Qxg3+ 62. Kd4 Qh4+ 63. e4 Qf2+ 1/2-1/2

[Event "Gibraltar ChallWk2 13th"]
[Site "Gibraltar"]
[Date "2015.02.03"]
[Round "4.33"]
[White "Flanagan, Samuel"]
[Black "Isherwood, Paul"]
[Result "0-1"]
[WhiteElo "1766"]
[BlackElo "2002"]
[PlyCount "99"]
[EventDate "2015.01.31"]
[EventType "swiss"]
[EventRounds "5"]
[EventCountry "GGB"]
[SourceTitle "BritBase"]
[Source "www.saund.co.uk"]
[SourceDate "2018.02.10"]
[SourceVersion "1"]
[SourceVersionDate "2018.02.10"]
[SourceQuality "1"]

1. e4 e5 2. Nf3 d6 3. d4 Nf6 4. Nc3 Nbd7 5. Bc4 Be7 6. O-O O-O 7. Re1 c6 8. a4
b6 9. Bd3 Re8 10. Ne2 Bf8 11. Ng3 g6 12. c3 a6 13. h3 Qc7 14. Bg5 h6 15. Be3 c5
16. Qd2 Kh7 17. Rec1 Bb7 18. d5 c4 19. Bc2 Nc5 20. Ra3 b5 21. a5 Bc8 22. Ne1
Bg7 23. f3 Bd7 24. Qf2 Rac8 25. Bxc5 dxc5 26. Bd1 h5 27. Be2 Qd8 28. Rd1 h4 29.
Nf1 Nh5 30. Ne3 Qg5 31. Kh2 f5 32. Nf1 Rf8 33. exf5 gxf5 34. Kh1 Kg8 35. Raa1
e4 36. Nc2 Be5 37. fxe4 fxe4 38. Qe3 Bf4 39. Qg1 Bd6 40. Bxh5 Qxh5 41. Nfe3 Kh8
42. Rf1 Rg8 43. Qf2 Rcf8 44. Qd2 Kh7 45. Rxf8 Rxf8 46. Rf1 Qe5 47. g4 hxg3 48.
Rxf8 Bxf8 49. Qe2 Qf4 50. Kg2 0-1

[Event "Gibraltar ChallWk2 13th"]
[Site "Gibraltar"]
[Date "2015.02.03"]
[Round "4.34"]
[White "Odeh, Kenneth"]
[Black "Henderson De La Fuente, Andrea"]
[Result "1-0"]
[WhiteElo "1982"]
[BlackElo "1700"]
[PlyCount "117"]
[EventDate "2015.01.31"]
[EventType "swiss"]
[EventRounds "5"]
[EventCountry "GGB"]
[SourceTitle "BritBase"]
[Source "www.saund.co.uk"]
[SourceDate "2018.02.10"]
[SourceVersion "1"]
[SourceVersionDate "2018.02.10"]
[SourceQuality "1"]

1. e4 d6 2. d4 Nf6 3. Bd3 e5 4. c3 Nbd7 5. Nf3 Be7 6. O-O O-O 7. Re1 Re8 8. Bg5
h6 9. Bh4 c6 10. Nbd2 b5 11. a4 Qb6 12. Qb3 Rb8 13. a5 Qc7 14. Bg3 Nh5 15. dxe5
dxe5 16. Nh4 Nxg3 17. hxg3 Nc5 18. Qc2 Nxd3 19. Qxd3 Be6 20. Nf5 Bf8 21. Qe3
Rbd8 22. Nf3 Rd7 23. g4 Red8 24. g5 Rd3 25. Qe2 Bc4 26. Qc2 hxg5 27. b3 g4 28.
bxc4 gxf3 29. Nd4 bxc4 30. Nxf3 f6 31. Rec1 Qf7 32. Qa4 c5 33. Ne1 Rd2 34. Rd1
Kh7 35. Nf3 R2d3 36. Ne1 Rd2 37. Rxd2 Rxd2 38. Ra2 Qd7 39. Qxd7 Rxd7 40. Kf1
Rb7 41. Ke2 Be7 42. a6 Rd7 43. Nf3 g6 44. Nd2 Rd3 45. Ra3 Bd8 46. Nxc4 Rd7 47.
Ne3 Kg7 48. Nd5 f5 49. Rb3 Kf7 50. Rb7 Ke6 51. c4 Ba5 52. f3 Kd6 53. Kf2 Kc6
54. Ne7+ Kd6 55. Nc8+ Kc6 56. Nxa7+ Kd6 57. Nb5+ Kc6 58. Rxd7 Kxd7 59. a7 1-0

[Event "Gibraltar ChallWk2 13th"]
[Site "Gibraltar"]
[Date "2015.02.03"]
[Round "4.35"]
[White "Schadd, Jan"]
[Black "Bengtsson, Jessica"]
[Result "0-1"]
[WhiteElo "1853"]
[BlackElo "1971"]
[PlyCount "74"]
[EventDate "2015.01.31"]
[EventType "swiss"]
[EventRounds "5"]
[EventCountry "GGB"]
[SourceTitle "BritBase"]
[Source "www.saund.co.uk"]
[SourceDate "2018.02.10"]
[SourceVersion "1"]
[SourceVersionDate "2018.02.10"]
[SourceQuality "1"]

1. d4 Nf6 2. Nc3 d5 3. Bg5 Nbd7 4. e3 h6 5. Bh4 e6 6. Nf3 c5 7. Be2 Be7 8. O-O
O-O 9. Re1 b6 10. h3 Bb7 11. Bg3 Ne4 12. Nxe4 dxe4 13. Ne5 Nxe5 14. dxe5 Qc7
15. Bc4 a6 16. a4 Bc6 17. Qe2 Qb7 18. c3 b5 19. axb5 axb5 20. Bb3 Bd8 21. Rxa8
Qxa8 22. Rd1 Bc7 23. Qg4 c4 24. Bc2 g6 25. Bf4 h5 26. Qg5 Rd8 27. Rd6 Bxd6 28.
exd6 Rd7 29. Be5 Qf8 30. Bd1 Kh7 31. Bxh5 gxh5 32. Qf6 Rd8 33. g4 Ra8 34. Qg5
Qh6 35. Qe7 Qg6 36. g5 Qf5 37. Bf6 Ra1+ 0-1

[Event "Gibraltar ChallWk2 13th"]
[Site "Gibraltar"]
[Date "2015.02.03"]
[Round "4.37"]
[White "Godinho Marques, Pedro"]
[Black "Musi, Dietmar"]
[Result "1/2-1/2"]
[WhiteElo "1950"]
[BlackElo "1719"]
[PlyCount "85"]
[EventDate "2015.01.31"]
[EventType "swiss"]
[EventRounds "5"]
[EventCountry "GGB"]
[SourceTitle "BritBase"]
[Source "www.saund.co.uk"]
[SourceDate "2018.02.10"]
[SourceVersion "1"]
[SourceVersionDate "2018.02.10"]
[SourceQuality "1"]

1. c4 e5 2. Nc3 Nf6 3. g3 Bb4 4. Bg2 c6 5. a3 Ba5 6. b4 Bc7 7. Bb2 d5 8. cxd5
Nxd5 9. Nf3 Nxc3 10. Bxc3 Qe7 11. d3 O-O 12. O-O a5 13. bxa5 Re8 14. Qb3 Nd7
15. Bb4 Qd8 16. h4 h6 17. Nd2 Bxa5 18. Nc4 Bc7 19. a4 Nf6 20. Bc5 Nd5 21. Rfb1
Ba5 22. Nd6 b6 23. Ba3 Be6 24. Nxe8 Nc3 25. Qc2 Nxb1 26. Rxb1 Qxe8 27. Qxc6
Qxc6 28. Bxc6 Rc8 29. Bb5 Rc2 30. e4 Bc3 31. Rc1 Rxc1+ 32. Bxc1 f6 33. Be3 Ba5
34. f4 Kf7 35. Kf2 Bb3 36. d4 exd4 37. Bxd4 Ke6 38. Ke2 Bc2 39. e5 fxe5 40.
fxe5 Bb3 41. Ke3 Kd5 42. Be8 Bd2+ 43. Kxd2 1/2-1/2

[Event "Gibraltar ChallWk2 13th"]
[Site "Gibraltar"]
[Date "2015.02.03"]
[Round "4.38"]
[White "Broekman, Willem"]
[Black "Burke, Mitchell R"]
[Result "1-0"]
[WhiteElo "2025"]
[BlackElo "1928"]
[PlyCount "81"]
[EventDate "2015.01.31"]
[EventType "swiss"]
[EventRounds "5"]
[EventCountry "GGB"]
[SourceTitle "BritBase"]
[Source "www.saund.co.uk"]
[SourceDate "2018.02.10"]
[SourceVersion "1"]
[SourceVersionDate "2018.02.10"]
[SourceQuality "1"]

1. d4 Nf6 2. c4 c5 3. d5 b5 4. cxb5 a6 5. e3 Bb7 6. Nc3 axb5 7. Bxb5 Qa5 8. Bd2
Qb6 9. Bc4 e6 10. e4 Nxe4 11. Nf3 Nd6 12. Bd3 Be7 13. O-O Bxd5 14. Nxd5 exd5
15. Re1 Nc6 16. Ne5 Nd4 17. Bg5 Ne6 18. Bxe7 Kxe7 19. b3 f6 20. Ng4 Kf7 21. Ne3
d4 22. Nd5 Qc6 23. Qh5+ Kf8 24. Re2 Re8 25. Rae1 Nf7 26. f4 g6 27. Qf3 Kg7 28.
Bc4 Qd6 29. Qg3 Nh6 30. Qh4 Rhf8 31. g4 g5 32. Qh5 gxf4 33. Re4 f5 34. g5 fxe4
35. Qxh6+ Kg8 36. g6 Re7 37. Kh1 f3 38. Rg1 f2 39. Nf6+ Kh8 40. g7+ Rxg7 41.
Rxg7 1-0

[Event "Gibraltar ChallWk2 13th"]
[Site "Gibraltar"]
[Date "2015.02.03"]
[Round "4.39"]
[White "Tortolero, Cesar"]
[Black "Haddock, Paul"]
[Result "1-0"]
[WhiteElo "1937"]
[BlackElo "1639"]
[PlyCount "71"]
[EventDate "2015.01.31"]
[EventType "swiss"]
[EventRounds "5"]
[EventCountry "GGB"]
[SourceTitle "BritBase"]
[Source "www.saund.co.uk"]
[SourceDate "2018.02.10"]
[SourceVersion "1"]
[SourceVersionDate "2018.02.10"]
[SourceQuality "1"]

1. d4 Nf6 2. e3 g6 3. Bd3 Bg7 4. Nf3 d6 5. O-O Nbd7 6. Nbd2 O-O 7. b3 c5 8. Bb2
b6 9. c4 cxd4 10. exd4 Nh5 11. Be4 Rb8 12. g3 Nc5 13. Bc2 Bb7 14. Qb1 Nd7 15.
d5 e5 16. dxe6 fxe6 17. Bxg7 Kxg7 18. Be4 Qf6 19. Bxb7 Rxb7 20. Nh4 Ne5 21. Qe4
Rbf7 22. f4 Ng4 23. Rae1 d5 24. cxd5 exd5 25. Qd3 Qb2 26. Nhf3 Nxf4 27. gxf4
Rxf4 28. Ng5 Rxf1+ 29. Rxf1 Rxf1+ 30. Kxf1 Qf6+ 31. Ngf3 Nxh2+ 32. Kg2 Nxf3 33.
Nxf3 Qb2+ 34. Kg3 Qf6 35. Qxd5 h5 36. Qe5 1-0

[Event "Gibraltar ChallWk2 13th"]
[Site "Gibraltar"]
[Date "2015.02.03"]
[Round "4.41"]
[White "Rogozenco, Teodora"]
[Black "Van De Wynkele, Rudy"]
[Result "0-1"]
[WhiteElo "2011"]
[BlackElo "1929"]
[PlyCount "58"]
[EventDate "2015.01.31"]
[EventType "swiss"]
[EventRounds "5"]
[EventCountry "GGB"]
[SourceTitle "BritBase"]
[Source "www.saund.co.uk"]
[SourceDate "2018.02.10"]
[SourceVersion "1"]
[SourceVersionDate "2018.02.10"]
[SourceQuality "1"]

1. d4 g6 2. c4 Bg7 3. Nc3 c5 4. d5 Bxc3+ 5. bxc3 f5 6. Nf3 Qa5 7. Qc2 Nf6 8. e3
d6 9. Be2 Nbd7 10. O-O Nb6 11. Nd2 Bd7 12. a4 Qa6 13. a5 Nbxd5 14. cxd5 Qxe2
15. c4 O-O 16. Qc3 b5 17. axb6 axb6 18. Bb2 Rxa1 19. Rxa1 b5 20. h3 b4 21. Qc1
Ne4 22. Nf3 Qxf2+ 23. Kh2 f4 24. exf4 Bxh3 25. Ne1 Rf5 26. Qc2 Qxf4+ 27. Kg1
Qf1+ 28. Kh2 Bxg2 29. Nxg2 Rh5+ 0-1

[Event "Gibraltar ChallWk2 13th"]
[Site "Gibraltar"]
[Date "2015.02.03"]
[Round "4.42"]
[White "Kleinert, Juergen"]
[Black "Mohnblatt, Daniel"]
[Result "1-0"]
[WhiteElo "1959"]
[BlackElo "1863"]
[PlyCount "105"]
[EventDate "2015.01.31"]
[EventType "swiss"]
[EventRounds "5"]
[EventCountry "GGB"]
[SourceTitle "BritBase"]
[Source "www.saund.co.uk"]
[SourceDate "2018.02.10"]
[SourceVersion "1"]
[SourceVersionDate "2018.02.10"]
[SourceQuality "1"]

1. e4 c6 2. d4 d5 3. e5 c5 4. c3 Nc6 5. Be3 cxd4 6. cxd4 Bf5 7. Nc3 e6 8. Qb3
Qb6 9. Qxb6 axb6 10. Bb5 Bb4 11. Nge2 Nge7 12. O-O O-O 13. a3 Bxc3 14. Nxc3 Bg6
15. g4 f5 16. f3 fxg4 17. fxg4 Rxf1+ 18. Rxf1 h6 19. Rc1 Rf8 20. Be2 Ra8 21.
Nb5 Ra4 22. b4 Be4 23. Rc3 Kf7 24. Nd6+ Kf8 25. Nxb7 Ra7 26. Nd6 Nd8 27. Bb5 g5
28. a4 Ng6 29. Rc8 Ke7 30. Rb8 Rc7 31. Nxe4 dxe4 32. Rxb6 Rc3 33. Kf2 Nf4 34.
Rd6 Nf7 35. Rc6 Rb3 36. Bd2 Nd5 37. Ke2 e3 38. Be1 Nf4+ 39. Kd1 Nd5 40. Kc2
Rxb4 41. Bxb4+ Nxb4+ 42. Kc3 Nxc6 43. Bxc6 h5 44. gxh5 Nh6 45. Kd3 Nf5 46. h6
Kf7 47. Be4 Nxd4 48. Kxe3 Nb3 49. h3 Na5 50. Kd4 Nb3+ 51. Kc3 Nc5 52. Bc2 Nd7
53. Kd4 1-0

[Event "Gibraltar ChallWk2 13th"]
[Site "Gibraltar"]
[Date "2015.02.04"]
[Round "5.1"]
[White "Verneuil, Pascal"]
[Black "Galmandakh, Badrakh"]
[Result "0-1"]
[WhiteElo "2093"]
[BlackElo "2240"]
[PlyCount "112"]
[EventDate "2015.01.31"]
[EventType "swiss"]
[EventRounds "5"]
[EventCountry "GGB"]
[SourceTitle "BritBase"]
[Source "www.saund.co.uk"]
[SourceDate "2018.02.10"]
[SourceVersion "1"]
[SourceVersionDate "2018.02.10"]
[SourceQuality "1"]
[TimeControl "7200+865"]
[WhiteClock "0:04:42"]
[BlackClock "0:01:18"]

1. e4 d6 2. d4 Nf6 3. Nc3 e5 4. Nf3 Nbd7 5. Bc4 Be7 6. O-O O-O 7. a4 a5 8. h3
c6 9. Re1 Qc7 10. b3 h6 11. Ba3 Re8 12. Re3 Nf8 13. d5 Ng6 14. Ne2 cxd5 15.
exd5 Nh5 16. Bb5 Rf8 17. Rc3 Qd8 18. Qd3 Nhf4 19. Nxf4 Nxf4 20. Qd1 e4 21. Nd4
Nxd5 22. Rg3 Bh4 23. Nf5 Bxg3 24. Qxd5 Be5 25. Nd4 Qg5 26. Qxe4 Bf5 27. Nxf5
Bxa1 28. Bxd6 g6 29. Ne3 Rfd8 30. Bf4 Qf6 31. Bxh6 g5 32. Ng4 Rd1+ 33. Kh2 Qf4+
34. Qxf4 gxf4 35. Bxf4 Rc8 36. Ne3 Rd2 37. Kg3 Bd4 38. Nf5 Bxf2+ 39. Kf3 Rc3+
40. Bd3 Rdxc2 41. Ke4 Ra2 42. Bc4 Rxa4 43. Nd6 b5 44. bxa4 bxc4 45. Be5 Re3+
46. Kd4 Rxe5+ 47. Kxc4 Rc5+ 48. Kb3 Be1 49. Ne4 Re5 50. Nf6+ Kg7 51. Ng4 Rc5
52. Nh2 Rc3+ 53. Kb2 Rg3 54. Nf3 Rxg2+ 55. Kc1 Bb4 56. Nh4 Rf2 0-1

[Event "Gibraltar ChallWk2 13th"]
[Site "Gibraltar"]
[Date "2015.02.04"]
[Round "5.2"]
[White "Ibarra Jerez, Juan Miguel"]
[Black "Agrest, Inna"]
[Result "0-1"]
[WhiteElo "2238"]
[BlackElo "2179"]
[PlyCount "122"]
[EventDate "2015.01.31"]
[EventType "swiss"]
[EventRounds "5"]
[EventCountry "GGB"]
[SourceTitle "BritBase"]
[Source "www.saund.co.uk"]
[SourceDate "2018.02.10"]
[SourceVersion "1"]
[SourceVersionDate "2018.02.10"]
[SourceQuality "1"]
[TimeControl "7200+760"]
[WhiteClock "0:12:14"]
[BlackClock "0:00:25"]

1. d4 Nf6 2. Nc3 d5 3. Bf4 e6 4. e3 Be7 5. Nf3 O-O 6. Bd3 c5 7. O-O Nc6 8. Qd2
Nh5 9. Be5 f6 10. Bg3 Nxg3 11. hxg3 a6 12. dxc5 Bxc5 13. e4 d4 14. Ne2 Qe7 15.
Bc4 Rd8 16. a3 Kh8 17. Nf4 b5 18. Bb3 Ra7 19. Qe2 e5 20. Nd5 Qe8 21. Ne1 Qg6
22. Nd3 Bd6 23. Nb6 Bb7 24. a4 Na5 25. Bd5 b4 26. b3 Bxd5 27. Nxd5 Nc6 28. g4
a5 29. g3 Re8 30. Nb6 Nd8 31. f3 Rc7 32. Nc4 Nb7 33. Kg2 h6 34. Nb6 Rc6 35. Nd5
Rec8 36. Rac1 Bf8 37. Nb2 Qf7 38. Nc4 Rxc4 39. bxc4 Nd6 40. f4 Nxc4 41. g5 exf4
42. gxf6 gxf6 43. Rxf4 Bg7 44. Qf2 Rc6 45. Qxd4 f5 46. Qf2 Qe6 47. Rxf5 Qxe4+
48. Kh2 Ne5 49. Rxe5 Qxe5 50. Nf4 Qe4 51. Qd2 Bd4 52. Kh3 Qf5+ 53. Kh2 Qe4 54.
Kh3 Rc3 55. Kg4 Qf3+ 56. Kf5 Rc5+ 57. Ke6 Qc6+ 58. Kf7 Qf6+ 59. Ke8 Rc8+ 60.
Kd7 Rd8+ 61. Kc7 Qb6# 0-1

[Event "Gibraltar ChallWk2 13th"]
[Site "Gibraltar"]
[Date "2015.02.04"]
[Round "5.3"]
[White "Scharrer, Patrick"]
[Black "Janev, Pavel"]
[Result "0-1"]
[WhiteElo "2231"]
[BlackElo "2196"]
[PlyCount "120"]
[EventDate "2015.01.31"]
[EventType "swiss"]
[EventRounds "5"]
[EventCountry "GGB"]
[SourceTitle "BritBase"]
[Source "www.saund.co.uk"]
[SourceDate "2018.02.10"]
[SourceVersion "1"]
[SourceVersionDate "2018.02.10"]
[SourceQuality "1"]
[TimeControl "6600+1530"]
[WhiteClock "0:00:15"]
[BlackClock "0:01:14"]

1. e4 c5 2. Nf3 Nc6 3. Bb5 g6 4. O-O Bg7 5. c3 Nf6 6. Re1 O-O 7. e5 Nd5 8. d4
cxd4 9. cxd4 d6 10. Nc3 Nxc3 11. bxc3 a6 12. Bxc6 bxc6 13. Qa4 c5 14. dxc5 dxc5
15. Be3 Bb7 16. Bxc5 Bxf3 17. gxf3 Qc8 18. Bxe7 Re8 19. Bf6 Qxc3 20. Qf4 Bxf6
21. Qxf6 Re6 22. Qf4 Rae8 23. Qe3 Qxe5 24. Qxe5 Rxe5 25. Rxe5 Rxe5 26. Rc1 Ra5
27. Rc2 Ra3 28. Kg2 a5 29. Kg3 Kg7 30. Kg2 Kf6 31. Kg3 Ke5 32. Rc7 Ke6 33. Rc2
Kd6 34. h3 a4 35. Kf4 h6 36. h4 Kd5 37. Kg3 Kd4 38. Rc7 Rxa2 39. Rxf7 Ra1 40.
Kg2 Kc3 41. Rc7+ Kb3 42. Rb7+ Ka2 43. Rb6 Rb1 44. Rxg6 Rb4 45. Rxh6 Kb3 46. Re6
a3 47. h5 a2 48. Re1 Ka3 49. Ra1 Rb1 50. Rxa2+ Kxa2 51. Kg3 Kb3 52. Kf4 Kc4 53.
Kf5 Kd5 54. f4 Rh1 55. Kg6 Ke6 56. f5+ Ke7 57. f4 Rg1+ 58. Kh7 Kf7 59. f6 Rg8
60. h6 Rg6 0-1